| 000 | 00666nam a2200229Ia 4500 | ||
|---|---|---|---|
| 003 | OSt | ||
| 005 | 20230615153003.0 | ||
| 008 | 210423s2015 xx 000 0 und d | ||
| 020 | _a789350717998 | ||
| 040 | _cAL | ||
| 041 | _aeng | ||
| 082 |
_a658.15 _223 _bKIST |
||
| 100 |
_aKISHORE (Ravi M) _992860 |
||
| 245 |
_aTaxmanns financial management Ed 8 _bTheory, problems, cases |
||
| 250 | _a8 | ||
| 260 |
_aNew Delhi _bTaxmann Publications Pvt Ltd _c2015 |
||
| 300 |
_a1068 _bPB |
||
| 365 |
_b775 _cINR |
||
| 650 |
_aFinancial Management _992861 |
||
| 906 | _acases ; financial ; management ; problems, ; s ; Taxmann ; Taxmanns ; Theory, | ||
| 942 |
_2ddc _cBK |
||
| 999 |
_c170210 _d170210 |
||